Представление документа в формате RUSMARC

ПолеНазваниеЗначение
  Тип записи a
  Библиографический уровень m
001 Контрольный номер RU/CBS_UL/BASE/592313832
005 Дата корректировки 20240209174840.2
010 Индекс ISBN __
a ISBN
b Уточнения в пер.
d Цена 22 р. 00 к.
9 Тираж зкз.
100 Данные общей обработки __
a Данные общей обработки 20130703d2013 ||| 0rusy0189 ca
101 Язык документа 0_
a Язык текста rus
102 Страна публикации __
a Страна публикации RU
105 Кодированные данные (монография) __
a Кодированные данные (монография) y###||||000|y
200 Заглавие и сведения об ответственности 1_
a Заглавие Барбос и Жулька
b Общее обозначение материала Текст
e Сведения, относящиеся к заглавию рассказы
f Первые сведения об ответственности А. И. Куприн
210 Выходные данные 1_
a Место издания Москва
c Издательство Дрофа-Плюс
d Дата издания 2005
215 Физическое описание __
a Объем 64 с.
d Формат см.
225 Серия 0_
a Серия Внеклассное чтение
300 Общие примечания __
a Общие примечания Ограничения по возрасту - 6+
300 Общие примечания __
a Общие примечания Под инв. номером 111515: 12-1
606 Тематические рубрики 0_
a Основная рубрика Русская литература, 19-20 вв. - Рассказы
610 Ключевые слова 0_
a Ключевые слова литература русская
a Ключевые слова рассказы
a Ключевые слова литература детская
a Ключевые слова классика русская
686 Индексы других классификаций __
a Классификационный индекс 84(2Рос=Рус)1
2 Код системы ББК
700 Автор _1
a Фамилия Куприн
b Имя (инициалы) Александр Иванович
g Полное личное имя А. И.
801 Источник записи _0
a Страна RU
b Организация МБУК ЦБС г. Ульяновска
c Дата составления 20130703
g Правила каталогизации RCR
801 Источник записи _1
a Страна RU
b Организация МБУК ЦБС г. Ульяновска
c Дата составления 20130703
g Правила каталогизации RCR
899 Данные о местонахождении __
i Авторский знак К 92
j Расстановочный фильтр Р1
901 Тип документа __
t Тип документа m
910 Корректоры записи __
a Корректор записи Скрипина